[Event "Steinfurt Bezirksklasse 1314"]
[Site "Germany"]
[Date "2014.02.22"]
[Round "5.6"]
[White "Vehren, Nico"]
[Black "Kretschmer, Sven"]
[Result "1-0"]
[WhiteElo "1422"]
[BlackElo "793"]
[PlyCount "63"]
[EventDate "2013.10.05"]
[EventType "team-tourn"]
[EventRounds "9"]
[EventCountry "GER"]
[SourceTitle "EXT 2015"]
[Source "ChessBase"]
[SourceDate "2014.11.20"]
[SourceVersion "1"]
[SourceVersionDate "2014.11.20"]
[SourceQuality "1"]
[WhiteTeam "Rheine SG"]
[BlackTeam "Ibbenbueren III"]
[WhiteTeamCountry "GER"]
[BlackTeamCountry "GER"]

1. d4 d5 2. c4 Nf6 3. Bg5 Bf5 4. Nc3 e6 5. Nf3 Bb4 6. Ne5 Nc6 7. e3 Nxe5 8. dxe5 h6 9. Qa4+ c6 10. Qxb4 hxg5 11. exf6 gxf6 12. Qxb7 Qb8 13. Qxc6+ Kf8 14. b3 Qe5 15. Rc1 Kg7 16. cxd5 exd5 17. Qxd5 Qxd5 18. Nxd5 Rac8 19. Bc4 Be4 20. 0-0 Rhd8 21. Nc3 Rd2 22. Nxe4 Rxa2 23. f4 Re8 24. Nd6 Rd8 25. Nf5+ Kg6 26. e4 Rdd2 27. Ne3 gxf4 28. Rxf4 Kg5 29. Rcf1 Rab2 30. Rxf6 Kh5 31. R1f5+ Kh4 32. Rh6# 1-0

[Event "Steinfurt Bezirksliga 1213"]
[Site "Germany"]
[Date "2013.01.12"]
[Round "5.6"]
[White "Vehren, Nico"]
[Black "Koczy, Willibald"]
[Result "1-0"]
[WhiteElo "1402"]
[BlackElo "1501"]
[PlyCount "87"]
[EventDate "2012.09.22"]
[EventType "team-tourn"]
[EventRounds "9"]
[EventCountry "GER"]
[SourceTitle "EXT 2015"]
[Source "ChessBase"]
[SourceDate "2014.11.20"]
[SourceVersion "1"]
[SourceVersionDate "2014.11.20"]
[SourceQuality "1"]
[WhiteTeam "Rheine SG"]
[BlackTeam "Ibbenbueren II"]
[WhiteTeamCountry "GER"]
[BlackTeamCountry "GER"]

1. d4 Nf6 2. c4 g6 3. Nc3 Bg7 4. e4 d6 5. Nf3 0-0 6. Bf4 Bg4 7. h3 Bxf3 8. Qxf3 c6 9. Be2 Qb6 10. d5 Qxb2 11. Rb1 Qa3 12. Rxb7 Qa6 13. Rb3 c5 14. 0-0 Nbd7 15. Rfb1 Nh5 16. a3 Qa5 17. Bd2 Rab8 18. Qd3 Rxb3 19. Rxb3 Nhf6 20. Nb5 Qb6 21. a4 Rb8 22. Nd4 Qc7 23. Rxb8+ Nxb8 24. Nb5 Qb6 25. f4 Nfd7 26. h4 a6 27. a5 Qb7 28. Nc3 Qc7 29. Nd1 h5 30. Qg3 Nf6 31. Nf2 Nbd7 32. Bc3 Qb8 33. e5 Qb1+ 34. Kh2 Ne4 35. Nxe4 Qxe4 36. Bd3 dxe5 37. Bxe4 exf4 38. Qf3 f5 39. Bc2 Bf6 40. Ba4 Ne5 41. Bxe5 Bxe5 42. Kh3 Kf7 43. Qe2 Kf6 44. Bd7 1-0

[Event "Steinfurt Bezirksliga 1213"]
[Site "Germany"]
[Date "2012.10.27"]
[Round "2.7"]
[White "Vehren, Nico"]
[Black "Meinert, Dominik"]
[Result "0-1"]
[WhiteElo "1402"]
[BlackElo "1533"]
[PlyCount "84"]
[EventDate "2012.09.22"]
[EventType "team-tourn"]
[EventRounds "9"]
[EventCountry "GER"]
[SourceTitle "EXT 2015"]
[Source "ChessBase"]
[SourceDate "2014.11.20"]
[SourceVersion "1"]
[SourceVersionDate "2014.11.20"]
[SourceQuality "1"]
[WhiteTeam "Rheine SG"]
[BlackTeam "Steinfurt II"]
[WhiteTeamCountry "GER"]
[BlackTeamCountry "GER"]

1. d4 d5 2. c4 e6 3. Nc3 Nf6 4. Nf3 Be7 5. g3 0-0 6. cxd5 Nxd5 7. Bg2 Bb4 8. Qc2 h6 9. 0-0 Nc6 10. Ne4 Re8 11. a3 Ba5 12. Rd1 Qe7 13. b4 Bb6 14. Bb2 a5 15. b5 Na7 16. a4 Bd7 17. Nc3 c6 18. e4 Nxc3 19. Qxc3 cxb5 20. d5 f6 21. d6 Qf8 22. Ba3 b4 23. Bxb4 axb4 24. Qxb4 Nc8 25. a5 Bd8 26. Qxb7 Ra7 27. a6 e5 28. Rac1 Bb6 29. Qd5+ Qf7 30. Qd3 Re6 31. Qc3 Qf8 32. Nd2 Rxd6 33. Bf1 Bxf2+ 34. Kh1 Bg4 35. Bc4+ Kh7 36. h4 Bxd1 37. Rxd1 Qd8 38. Bd5 Raxa6 39. Qf3 Bd4 40. h5 Ne7 41. Nb3 Rxd5 42. exd5 Qxd5 0-1

[Event "Steinfurt Bezirksliga 1112"]
[Site "Germany"]
[Date "2011.10.01"]
[Round "1.5"]
[White "Blomqvist, Pontus"]
[Black "Vehren, Nico"]
[Result "0-1"]
[WhiteElo "1381"]
[BlackElo "1387"]
[PlyCount "76"]
[EventDate "2011.10.01"]
[EventType "team-tourn"]
[EventRounds "9"]
[EventCountry "GER"]
[SourceTitle "EXT 2013"]
[Source "ChessBase"]
[SourceDate "2012.11.22"]
[SourceVersion "1"]
[SourceVersionDate "2012.11.22"]
[SourceQuality "1"]
[WhiteTeam "Nordwalde II"]
[BlackTeam "Rheine SG"]
[WhiteTeamCountry "GER"]
[BlackTeamCountry "GER"]

1. e4 e5 2. Nf3 Nc6 3. Bc4 Bc5 4. d3 d6 5. 0-0 Bg4 6. Be3 Bxe3 7. fxe3 Nf6 8. Nbd2 Qd7 9. Qe1 h6 10. Nh4 Ne7 11. Qg3 0-0-0 12. Bxf7 Rdf8 13. Bg6 Bh5 14. Bf5 Nxf5 15. exf5 Qc6 16. Rac1 Nd5 17. a3 Rhg8 18. e4 Nf4 19. Qe3 Ne2+ 20. Kh1 Nxc1 21. Rxc1 b6 22. c4 g5 23. fxg6 Bxg6 24. Qxh6 Be8 25. Nf5 Qd7 26. b3 Rh8 27. Qe3 Qh7 28. Nf3 Bd7 29. N5h4 Bg4 30. Rc2 Qg7 31. Rf2 Rh6 32. g3 Rg8 33. Nf5 Bxf5 34. exf5 Rf6 35. Nh4 Qg4 36. Qf3 Qg5 37. Kg2 Kb8 38. h3 Qxh4 0-1

[Event "Steinfurt Bezirksliga 1011"]
[Site "Germany"]
[Date "2010.12.04"]
[Round "3.5"]
[White "Koczy, Willibald"]
[Black "Vehren, Nico"]
[Result "1-0"]
[WhiteElo "1463"]
[BlackElo "1355"]
[PlyCount "75"]
[EventDate "2010.10.02"]
[EventType "team-tourn"]
[EventRounds "9"]
[EventCountry "GER"]
[SourceTitle "EXT 2012"]
[Source "ChessBase"]
[SourceDate "2011.11.24"]
[SourceVersion "1"]
[SourceVersionDate "2011.11.24"]
[SourceQuality "1"]
[WhiteTeam "Ibbenbueren II"]
[BlackTeam "Rheine SG"]
[WhiteTeamCountry "GER"]
[BlackTeamCountry "GER"]

1. e4 c5 2. Nf3 Nc6 3. d4 cxd4 4. Nxd4 d6 5. Nc3 g6 6. Nxc6 bxc6 7. Bc4 Bg7 8. Bd2 Nf6 9. Qe2 e5 10. h3 h5 11. f4 Qe7 12. 0-0-0 Be6 13. fxe5 dxe5 14. Bg5 0-0 15. Rhf1 Rab8 16. Bb3 Bxb3 17. cxb3 Qe6 18. Kb1 Nd7 19. g4 hxg4 20. hxg4 f6 21. Be3 a5 22. Rh1 Kf7 23. Na4 Rb5 24. Qd2 Ke7 25. Rh7 Rf7 26. Nc5 Rxc5 27. Bxc5+ Ke8 28. Rhh1 Qxg4 29. Qxa5 Re7 30. Qa8+ Kf7 31. Bxe7 Qxe4+ 32. Ka1 Kxe7 33. Rc1 Nc5 34. Qa7+ Nd7 35. Rh7 Qf4 36. Rd1 Qg4 37. Rxg7+ Kf8 38. Rgxd7 1-0

[Event "Steinfurt Bezirksliga 1011"]
[Site "Germany"]
[Date "2010.10.02"]
[Round "1.5"]
[White "Olejnik, Jochen"]
[Black "Vehren, Nico"]
[Result "1-0"]
[WhiteElo "1652"]
[BlackElo "1355"]
[PlyCount "73"]
[EventDate "2010.10.02"]
[EventType "team-tourn"]
[EventRounds "9"]
[EventCountry "GER"]
[SourceTitle "EXT 2012"]
[Source "ChessBase"]
[SourceDate "2011.11.24"]
[SourceVersion "1"]
[SourceVersionDate "2011.11.24"]
[SourceQuality "1"]
[WhiteTeam "Saerbeck II"]
[BlackTeam "Rheine SG"]
[WhiteTeamCountry "GER"]
[BlackTeamCountry "GER"]

1. e4 c5 2. c4 d6 3. Nc3 Nf6 4. d3 Nc6 5. g3 e5 6. Bg2 Be7 7. Nge2 h5 8. Be3 Nd4 9. f4 Ng4 10. Bxd4 cxd4 11. Nd5 Ne3 12. Nxe3 dxe3 13. Qc1 Qa5+ 14. Nc3 exf4 15. gxf4 Bh4+ 16. Ke2 Bf2 17. Nd5 h4 18. Nxe3 Bxe3 19. Qxe3 h3 20. Bf3 Rh4 21. f5 Bd7 22. Qg5 Rh7 23. Rhg1 Qe5 24. Qg3 Qxb2+ 25. Ke3 Qb6+ 26. Ke2 0-0-0 27. Rab1 Qa6 28. Rb2 Re8 29. Bg4 Bc6 30. Bf3 Bxe4 31. Bxe4 d5 32. cxd5 Rxe4+ 33. Kd1 Qa4+ 34. Rc2+ Kd8 35. dxe4 Qd4+ 36. Rd2 Qxe4 37. Qd6+ 1-0

[Event "Steinfurt Bezirksklasse 0910"]
[Site "Germany"]
[Date "2010.03.06"]
[Round "5.5"]
[White "Vehren, Nico"]
[Black "Blomquist, Pontus"]
[Result "1/2-1/2"]
[WhiteElo "1331"]
[BlackElo "1379"]
[PlyCount "109"]
[EventDate "2009.09.26"]
[EventType "team-tourn"]
[EventRounds "7"]
[EventCountry "GER"]
[SourceTitle "EXT 2011"]
[Source "ChessBase"]
[SourceDate "2010.11.26"]
[SourceVersion "1"]
[SourceVersionDate "2010.11.26"]
[SourceQuality "1"]
[WhiteTeam "Rheine"]
[BlackTeam "Nordwalde II"]
[WhiteTeamCountry "GER"]
[BlackTeamCountry "GER"]

1. d4 d5 2. c4 c6 3. Nc3 Nf6 4. Nf3 Bg4 5. e3 Nbd7 6. Be2 e6 7. Nd2 Bf5 8. 0-0 Bd6 9. Bf3 Qc7 10. g3 Bb4 11. cxd5 Nxd5 12. Nxd5 cxd5 13. Nb3 0-0 14. Qe2 Nf6 15. a3 Bd6 16. Bd2 Qc2 17. Nc1 Qxb2 18. Nd3 Qb3 19. Nf4 Bxa3 20. g4 Bc2 21. g5 Ne4 22. Bxe4 Bxe4 23. f3 Bc2 24. e4 Bb2 25. Ra5 Bxd4+ 26. Kg2 Rac8 27. Rb5 Qc4 28. exd5 exd5 29. Rxb7 Qxe2+ 30. Nxe2 Bb6 31. Nc3 d4 32. Nb5 Ra8 33. Bb4 Bd3 34. Bxf8 Bxb5 35. Re1 Rxf8 36. Re5 Bc6 37. Rbe7 d3 38. Re1 d2 39. Rd1 Rd8 40. Kf1 Bxf3 41. Rxd2 g6 42. Rxd8+ Bxd8 43. Re8+ Kg7 44. Rxd8 Bc6 45. Rc8 Bb5+ 46. Kf2 a6 47. Ke3 h6 48. h4 Bd7 49. Ra8 Bb5 50. Kd4 hxg5 51. hxg5 Be2 52. Ke5 Bc4 53. Kd6 Bb5 54. Ra7 Bd3 55. Ra8 1/2-1/2

[Event "Steinfurt Bezirksklasse 0809"]
[Site "Germany"]
[Date "2009.03.07"]
[Round "5.5"]
[White "Vehren, Nico"]
[Black "Trotnow, Peter"]
[Result "0-1"]
[WhiteElo "1407"]
[BlackElo "1523"]
[PlyCount "94"]
[EventDate "2008.09.13"]
[EventType "team-tourn"]
[EventRounds "7"]
[EventCountry "GER"]
[SourceTitle "EXT 2010"]
[Source "ChessBase"]
[SourceDate "2010.11.25"]
[SourceVersion "1"]
[SourceVersionDate "2010.11.25"]
[SourceQuality "1"]
[WhiteTeam "Rheine SG"]
[BlackTeam "Reckenfeld II"]
[WhiteTeamCountry "GER"]
[BlackTeamCountry "GER"]

1. d4 d5 2. c4 c6 3. Nc3 Nf6 4. Nf3 Bg4 5. e3 e6 6. a3 Bd6 7. Be2 Nbd7 8. cxd5 exd5 9. g3 0-0 10. Qc2 h6 11. h4 Re8 12. Nh2 Bxe2 13. Nxe2 Ne4 14. Nf3 Qf6 15. Neg1 Nf8 16. Ne5 Bxe5 17. dxe5 Rxe5 18. Nh3 Rae8 19. 0-0 Ng6 20. Nf4 Nxf4 21. exf4 R5e6 22. Qb1 Qg6 23. Qd3 Nxg3 24. Qxg6 Ne2+ 25. Kh2 Rxg6 26. Re1 Rge6 27. Be3 Nxf4 28. Rad1 Ng6 29. Kg3 a6 30. b4 Ne5 31. Bd4 Rg6+ 32. Kh3 Rge6 33. h5 Nf3 34. Rxe6 Rxe6 35. Kg3 Nxd4 36. Rxd4 Re5 37. Kg4 Re4+ 38. Rxe4 dxe4 39. Kf4 Kf8 40. Kxe4 Ke7 41. f4 Ke6 42. f5+ Kf6 43. Kf4 g6 44. fxg6 fxg6 45. hxg6 Kxg6 46. Kg4 b6 47. a4 c5 0-1

[Event "Steinfurt Kreisklasse 0607"]
[Site "Germany"]
[Date "2007.03.24"]
[Round "8.3"]
[White "Vehren, Nico"]
[Black "Westers, Stefan"]
[Result "1/2-1/2"]
[WhiteElo "1171"]
[BlackElo "1226"]
[PlyCount "51"]
[EventDate "2006.09.23"]
[EventType "team-tourn"]
[EventRounds "10"]
[EventCountry "GER"]
[SourceTitle "EXT 2008"]
[Source "ChessBase"]
[SourceDate "2007.11.25"]
[SourceVersion "1"]
[SourceVersionDate "2007.11.25"]
[SourceQuality "1"]
[WhiteTeam "Rheine SG II"]
[BlackTeam "Emsdetten Turm IV"]
[WhiteTeamCountry "GER"]
[BlackTeamCountry "GER"]

1. d4 d5 2. c4 dxc4 3. Nc3 e6 4. a3 Nf6 5. Bg5 Nbd7 6. e4 Be7 7. Nf3 h6 8. Bh4 b6 9. Bxc4 Bb7 10. Bd3 0-0 11. Qc2 c6 12. e5 Nd5 13. Bxe7 Qxe7 14. h4 Nf4 15. g4 Nxd3+ 16. Qxd3 g6 17. Qe3 Kg7 18. Ne4 f5 19. exf6+ Nxf6 20. Nxf6 Qxf6 21. Ne5 Qf4 22. Qd3 Qxf2+ 23. Kd1 Rf6 24. g5 Rf5 25. gxh6+ Kh7 26. Rc1 1/2-1/2

[Event "Steinfurt Kreisklasse 0607"]
[Site "Germany"]
[Date "2006.09.23"]
[Round "1.1"]
[White "Vehren, Nico"]
[Black "Burton, Christopher"]
[Result "1-0"]
[WhiteElo "1171"]
[BlackElo "1246"]
[PlyCount "49"]
[EventDate "2006.09.23"]
[EventType "team-tourn"]
[EventRounds "10"]
[EventCountry "GER"]
[SourceTitle "EXT 2008"]
[Source "ChessBase"]
[SourceDate "2007.11.25"]
[SourceVersion "1"]
[SourceVersionDate "2007.11.25"]
[SourceQuality "1"]
[WhiteTeam "Rheine SG II"]
[BlackTeam "Westerkappeln II"]
[WhiteTeamCountry "GER"]
[BlackTeamCountry "GER"]

1. d4 d5 2. c4 Nf6 3. Nc3 e6 4. Nf3 Nbd7 5. Bg5 Be7 6. e3 0-0 7. cxd5 exd5 8. Bd3 g6 9. Qc2 Kg7 10. h4 h5 11. Rg1 Nb6 12. Ne5 Qe8 13. g4 Nxg4 14. Nxg4 Bxg4 15. Kd2 Nc4+ 16. Bxc4 dxc4 17. Nd5 Bxg5 18. hxg5 Qc6 19. Nf4 Bf5 20. Qc3 Be4 21. d5+ Kh7 22. dxc6 Rad8+ 23. Ke1 Bxc6 24. Qf6 Ba4 25. Nxh5 1-0

[Event "Steinfurt Bezirksklasse 0405"]
[Site "Germany"]
[Date "2005.05.28"]
[Round "11.6"]
[White "Vehren, Nico"]
[Black "Schulte, Andre"]
[Result "1-0"]
[WhiteElo "1201"]
[BlackElo "879"]
[PlyCount "21"]
[EventDate "2004.09.18"]
[EventType "team-tourn"]
[EventRounds "11"]
[EventCountry "GER"]
[SourceTitle "EXT 2006"]
[Source "ChessBase"]
[SourceDate "2005.11.24"]
[SourceVersion "1"]
[SourceVersionDate "2005.11.24"]
[SourceQuality "1"]
[WhiteTeam "Rheine SG II"]
[BlackTeam "Steinfurt IV"]
[WhiteTeamCountry "GER"]
[BlackTeamCountry "GER"]

1. d4 d5 2. Nf3 Bf5 3. Nc3 c5 4. Bf4 Nf6 5. e3 c4 6. g3 Nc6 7. Qe2 h6 8. e4 Bg4 9. Qe3 Nxd4 10. a3 Bxf3 11. Kd2 1-0

[Event "Steinfurt Bezirksklasse 0405"]
[Site "Germany"]
[Date "2005.01.29"]
[Round "6.5"]
[White "Vehren, Nico"]
[Black "Roewekamp, Andre"]
[Result "1-0"]
[WhiteElo "1201"]
[BlackElo "1155"]
[PlyCount "65"]
[EventDate "2004.09.18"]
[EventType "team-tourn"]
[EventRounds "11"]
[EventCountry "GER"]
[SourceTitle "EXT 2006"]
[Source "ChessBase"]
[SourceDate "2005.11.24"]
[SourceVersion "1"]
[SourceVersionDate "2005.11.24"]
[SourceQuality "1"]
[WhiteTeam "Rheine SG II"]
[BlackTeam "Reckenfeld II"]
[WhiteTeamCountry "GER"]
[BlackTeamCountry "GER"]

1. e4 e5 2. Nf3 Nc6 3. Bb5 d6 4. Bxc6+ bxc6 5. Nc3 Nf6 6. d4 exd4 7. Nxd4 Bd7 8. Nf3 Qe7 9. Bg5 Qe6 10. Bxf6 Qxf6 11. h3 Qg6 12. g4 Be7 13. Qd2 0-0 14. 0-0-0 Bf6 15. e5 Be7 16. exd6 cxd6 17. Rhe1 Rfe8 18. Ne5 Qe6 19. Nxc6 Qf6 20. Nxe7+ Rxe7 21. Nd5 Qh4 22. Rxe7 Bc6 23. Re3 Kf8 24. Nc7 Rd8 25. Rde1 Qf6 26. Qd5 Bd7 27. Qe4 g6 28. Nd5 Qg5 29. f4 Qh4 30. g5 Kg7 31. Qd4+ Kg8 32. Ne7+ Kf8 33. Qh8# 1-0

[Event "Steinfurt Bezirksklasse 0405"]
[Site "Germany"]
[Date "2004.09.18"]
[Round "1.5"]
[White "Vehren, Nico"]
[Black "Weiss, Katharina"]
[Result "0-1"]
[WhiteElo "1201"]
[BlackElo "1461"]
[PlyCount "84"]
[EventDate "2004.09.18"]
[EventType "team-tourn"]
[EventRounds "11"]
[EventCountry "GER"]
[SourceTitle "EXT 2006"]
[Source "ChessBase"]
[SourceDate "2005.11.24"]
[SourceVersion "1"]
[SourceVersionDate "2005.11.24"]
[SourceQuality "1"]
[WhiteTeam "Rheine SG II"]
[BlackTeam "Rheine SG"]
[WhiteTeamCountry "GER"]
[BlackTeamCountry "GER"]

1. e4 e5 2. Ne2 Nf6 3. d3 Bc5 4. Nbc3 Ng4 5. d4 exd4 6. Nxd4 d6 7. f3 Ne5 8. Be2 Qh4+ 9. g3 Qf6 10. Nd5 Qd8 11. f4 Bxd4 12. Qxd4 Nbc6 13. Qc3 Ng6 14. Bh5 0-0 15. f5 Nge5 16. Bf4 g6 17. fxg6 hxg6 18. Be2 Be6 19. Bxe5 dxe5 20. 0-0-0 Nd4 21. Rhe1 Bxd5 22. exd5 Qxd5 23. Bc4 Qg2 24. Rxe5 Nc6 25. Re2 Qh3 26. Bb5 Rad8 27. Red2 Rxd2 28. Rxd2 Re8 29. Rf2 Qh6+ 30. Kb1 Re6 31. Bc4 Re7 32. a3 Qg7 33. Qxg7+ Kxg7 34. Bd5 Nd8 35. Rd2 Rd7 36. c4 c6 37. Kc2 cxd5 38. cxd5 b6 39. h4 Nb7 40. b4 Nd6 41. g4 Nc4 42. Rd4 Nxa3+ 0-1